Гадаад хэл дээр докторын (Ph.D) зэрэг хамгаалсан эдэмтдийн бүтээлийн номзүй (Бичлэгийн дугаар. 64937)
[ энгийн харах ]
| 000 -Удирдлага | |
|---|---|
| Ном зүйн бүртгэл тоо буюу кодлох утгыг агуулсан | 00905 a2200217 4500 |
| 003 - ХЯНАЛТЫН ТОО ТОДОРХОЙЛОГЧ | |
| Код | MN-UlNLM |
| 005 - ХАМГИЙН СҮҮЛИЙН ҮЕИЙН ХЭЛЦЛИЙН ОГНОО БА ЦАГ | |
| Тухайн бичилтийг бичсэн засварласан сүүлийн огноо. | 20220920175257.0 |
| 008 - ЕРӨНХИЙ МЭДЭЭЛЭЛ-ЭЛЕМЕНТҮҮДИЙН ӨГӨГДЛИЙН УРТ | |
| fixed length control field | a130t2006 mp ||||| |||| 00| 0 mon d |
| 040 ## - ЭХ СУРВАЛЖИЙГ ТОДОРХОЙЛОН БИЧИХ | |
| Анхны каталогийн байгууллага | Монгол Улсын Үндэсний номын сан |
| 084 ## - БУСАД АНГИЛЛЫН ДУГААР | |
| Зохиогчийн 3-н тэмдэгт | Г 132 |
| Ангиллын нэр | Номын сан номзүйн ангилал |
| Шинжлэх ухааны мэдлэгийн салбар | Лавлах хэвлэл - 9 |
| Анги | 91 |
| 245 0# - ҮНДСЭН ГАРЧИГ | |
| Гарчиг | Гадаад хэл дээр докторын (Ph.D) зэрэг хамгаалсан эдэмтдийн бүтээлийн номзүй |
| 260 4# - ГАРАЛТЫН ТУХАЙ МЭДЭЭ | |
| Хэвлэгдсэн газар | УБ |
| Хэвлэлийн газар | Бембисан |
| Хэвлэгдсэн он | 2006 |
| 300 ## - ТООНЫ МЭДЭЭ | |
| Хуудасны тоо | 553х |
| 490 ## - БОТИЙН/ЦУВРАЛЫН ТУХАЙ МЭДЭЭ | |
| Ботийн/Цувралын дугаар | Дэвт. 3 |
| 546 ## - ХЭЛНИЙ ТУХАЙ МЭДЭЭ | |
| Хэл | |
| 653 ## - ТҮЛХҮҮР ҮГС | |
| Түлхүүр үг | Лавлах хэвлэл |
| -- | Номзүй |
| 740 ## - НОМЫН АГУУЛГЫН ГАРЧИГ | |
| Номын гарчгууд | Печатное дело. |
| -- | Философиские науки. |
| -- | Психологические науки. |
| -- | Экономические науки. |
| -- | Педагогические науки. |
| -- | Технические науки. |
| 856 ## - ЭЛЕКТРОН БАЙРЛАЛ БА ХОЛБООС | |
| Төрөл | Хэвлэмэл ном |
| 942 ## - ЭЛЕМЕНТИЙН ТӨРӨЛ | |
| Төрөл | Ном |
| Буцаан татагдсан төлөв | Хасагдсан шалтгаан | Гэмтсэн төлөв | Данс заагч | Захиалах боломжгүй | Үндсэн номын сан | Одоогийн байршил | Салбар танхим | Сан хөмрөг 5 | Бүртгэсэн огноо | Тавиурын заалт | Баркод | Үнэ | Хамгийн сүүлд байсан огноо | Салбар | Нийт уншлаганд гарсан тоо | Хамгийн сүүлд уншлаганд гарсан огноо | Төрөл |
|---|---|---|---|---|---|---|---|---|---|---|---|---|---|---|---|---|---|
| МУҮНомын сан салбар | МУҮНомын сан салбар | МУҮНС салбар | Ертөнц танхим 9 давхар | МУҮНС салбар | Ертөнц танхим 9 давхар | 2021-08-26 | 74061 | 02074061 | 8500.00 | 2023-05-13 | 0000020740 | 1 | 2022-03-22 | Ном | |||||
| МУҮНомын сан салбар | МУҮНомын сан салбар | МУҮНС салбар | Ертөнц танхим 9 давхар | МУҮНС салбар | Ертөнц танхим 9 давхар | 2021-08-26 | 74062 | 02074062 | 8500.00 | 2021-08-26 | 0000020740 | Ном | |||||||
| МУҮНомын сан салбар | МУҮНомын сан салбар | МУҮНС салбар | Ертөнц танхим 9 давхар | МУҮНС салбар | Ертөнц танхим 9 давхар | 2021-08-26 | 74063 | 02074063 | 8500.00 | 2021-08-26 | 0000020740 | Ном | |||||||
| МУҮНомын сан салбар | МУҮНомын сан салбар | МУҮНС салбар | Ертөнц танхим 9 давхар | МУҮНС салбар | Ертөнц танхим 9 давхар | 2021-08-26 | 74064 | 002000074064 | 8500.00 | 2021-08-26 | 0000020740 | Ном | |||||||
| МУҮНомын сан салбар | МУҮНомын сан салбар | МУҮНС салбар | Ертөнц танхим 9 давхар | МУҮНС салбар | Ертөнц танхим 9 давхар | 2021-08-26 | 74060 | 02074060 | 8500.00 | 2022-11-20 | 0000020740 | Ном |